000 01066naa a22002897a 4500
001 BR9000354
003 BR-BrBNA
005 20240918180603.0
007 ta
008 230509b bl.||||| |||| 00| 0 por d
040 _aBR-BrBNA
_bpor
_cBiblioteca Nacional de Agricultura
041 _a(Pt)
072 _aH20
_b1060
090 _aH20 BR9000354
100 1 _aPrates, H.S.
100 1 _aTubelis, A.
100 1 _aSalibe, A.A.
111 1 _a9. Congresso Brasileiro de Fruticultura
_cCampinas, SP (Brazil)
_d22-27 Nov 1987
245 1 _aDensidade de ocorrencia de declinio em pomares comerciais de laranjas doces no estado de Sao Paulo
260 3 _aCampinas, SP (Brasil):
_c1987.
500 _aAnais do 9. Congresso Brasileiro de Fruticultura Campinas, SP (Brasil): 1987. v. 1 p. 297-304 (BR9000354-AM)H20
650 _aLARANJA
650 _aDECLINIO DOS CITRUS
773 0 _tAnais do 9. Congresso Brasileiro de Fruticultura
_wH20 BR9000354
_gCampinas, SP (Brasil), 1987. v. 1 p. 297-304
909 _a202404
_bLucia
_c55
_dLucia Elande
942 _cAM
_2AGRIS
999 _c321195
_d321195